000 00634nam a22002057a 4500
999 _c17638
_d17638
003 AR-CdUCM
008 190509b ||||| |||| 00| 0 spa d
040 _aMUNICIPALIDAD PROVINCIAL DEL CUSCO
_cBIBLIOTECA MUNICIPAL DEL CUSCO
041 _heng.
082 _a920.773 /
_bH57
100 _aPauli, Hertha
_937772
245 _aSu nombre era Sojourner Truth /
260 _aBuenos Aires :
_bPlaza & Janes,
_c1966.
300 _a331 paginas ;
_c18 cm.
650 _aBiografĂ­as
_9148
650 _aDescubrimiento de una mujer
_937773
700 _aAnibal Leal (traductor)
_937774
942 _2ddc
_cLIBROS
945 _arjall
_d2019-05-09